000 01037nas a2200277 4500
001 BR8707613
003 BR-BrBNA
005 20231205090939.0
007 ta
008 230509b bl.|||p| |||| 00| 00por d
040 _aBR-BrBNA
_bpor
_cBiblioteca Nacional de Agricultura
041 _a(Pt)
072 _aH20
100 1 _aForcelini, C.A.
100 1 _aReis, E.M.
245 1 _aEfeito do tratamento de sementes de cevada com fungicidas no controle e desenvolvimento da mancha reticulada da folha causada por Helminthosporium teres (Pyrenophora teres)
246 1 _aEffect of seed treatment with fungicides in the control and development of net blotch of barley caused by Helminthosporium teres (Pyrenophora teres)
650 _aCEVADA
650 _aSEMENTE
650 _aMANCHA RETICULAR
650 _aCONTROLE QUIMICO
650 _aFUNGICIDA
773 0 _tFitopatologia Brasileira (Brazil)
_xISSN 0100-4158
_g(Apr 1987), v. 12(1) p. 83-87
_wBR8707613
909 _a202311
_bLúcia
_c55
_dLúcia Elande
942 _2AGRIS
_n0
_cANA
999 _c121804
_d121804